Homi Jehangir Bhabha/ (Record no. 202150)

MARC details
000 -LEADER
fixed length control field 00561nam a22001817a 4500
005 - DATE AND TIME OF LATEST TRANSACTION
control field 20240508145412.0
010 ## - LCCN (DPL NO)
LC control number ENG-140151
020 ## - INTERNATIONAL STANDARD BOOK NUMBER
Terms of availability 230.00
International Standard Book Number 9789354910173
035 ## - SYSTEM CONTROL NUMBER
System control number EN-123683
037 ## - SOURCE OF ACQUISITION
Source of stock number/acquisition DBAD
082 ## - DEWEY DECIMAL CLASSIFICATION NUMBER
Classification number 920
100 ## - MAIN ENTRY--PERSONAL NAME
Personal name Deshmukh, Chintamani
245 ## - TITLE STATEMENT
Title Homi Jehangir Bhabha/
Statement of responsibility, etc By Chintamani Deshmukh
260 ## - PUBLICATION, DISTRIBUTION, ETC. (IMPRINT)
Place of publication, distribution, etc New Delhi
Name of publisher, distributor, etc Ideal Publishing Solutions
Date of publication, distribution, etc 2022
270 ## - ADDRESS
Address 5 Institutional Area, Phase-II Vasant Kunj, New Delhi
City Delhi
Postal code 110070
300 ## - PHYSICAL DESCRIPTION
Extent 190p.
Dimensions 19cm(pb)
942 ## - ADDED ENTRY ELEMENTS (KOHA)
Source of classification or shelving scheme Dewey Decimal Classification
Item type English Books
Call number suffix DES
Classification part 920
Holdings
Withdrawn status Lost status Not for loan Collection code Home library Current library Date acquired Source of acquisition Cost, normal purchase price Full call number Barcode Copy number Cost, replacement price Koha item type
      Non-fiction Ashok Vihar Ashok Vihar 15/04/2024 DBAD 230.00 DES 920 EN-123683 1 230.00 English Books

© Delhi Public Library
Hit Counter
free hit counter